000 00856nam a2200253Ia 4500
003 OSt
005 20221005113530.0
006 a|||||r|||| 00| 0
007 ta
008 221004b |||||||| |||| 00| 0 pan d
020 _a9789382851806 (hbk)
_cIndian Rupees
024 _a35765
037 _bGift, 10/02/2018,
_cTextual
040 _aCRL
_cCRL
_bpan
041 _2pan
_apan
082 _aO153:g, Q3
100 _aਸਿੰਘ, ਗੁਰਪ੍ਰੀਤ, ਥਦ.
245 0 _aਘੋੜ ਦੌੜ ਜਾਰੀ ਹੈ
260 _aਲੁਧਿਆਨਾ
_bਚੇਤਨਾ ਪ੍ਰਕਾFਨ ਭਾਰਤ
_c2013
300 _a159ਪੰ
_ccm.
650 _aਪੰਜਾਾਬੀ ਸਾਹਿਤ
942 _hO153:g, Q3
_cTEXL
_2cc
999 _c1028495
_d1028495